000 012020000a22002290004500
020 _a84-301-1536-6
082 0 4 _aG 270.1 L852c
100 1 _aLongenecker, Bruce W.
245 1 0 _aLas cartas de Pérgamo / Bruce W. Longenecker
260 _aSalamanca, España : Sígueme
300 _a206 páginas
440 0 _aColección El Peso de los Días ; número 44
500 _aTítulo original en inglés: The Lost Letters of Pergamum
501 _aRústico
505 0 0 _aColección de cartas: de un noble a otro noble -- Un favor personal -- Para honrar al emperador -- Proclaman otro señor -- Sobre la fama de tres hombres -- Jesús parece un personaje interesante -- Las ingenuas e irresponsables ideas de Jesús -- Los contextos determinan los contenidos -- Una completa transformación del modo de vida -- Un instrumento de bendición a favor de muchos -- Los dioses tenían otros planes -- Hágase su voluntad -- Posesiones de nuestro común creador
650 1 4 _aIGLESIA PRIMITIVA - HISTORIA \ BIBLIA N.T. \ HISTORIA DE EVENTOS BIBLICOS
001 18570
942 _cBK
999 _c44988
_d44988
336 _atexto
_btxt
_2rdacontent
337 _2rdamedia
_asin mediación
_bn
338 _2rdacarrier
_avolumen
_bnc